000 00968pam a2200337 4500
999 _c7538
_d7538
001 7538
003 BD-JhCC
005 20220214134020.0
008 720915s1973 nyua b 000 0 eng
020 _a0070314578
035 _aocm00446097
035 _a(BD-JhCC)7538
040 _aDLC
_cDLC
_dCUD
_dBD-JhCC
041 _aeng
050 0 0 _aBF724
_b.H8 1973
060 _aWS460 H965a 1973
082 0 _a155.5
_bHUR 1973
100 1 _aHurlock, Elizabeth B.
_q(Elizabeth Bergner),
_d1898-1988.
245 1 0 _aAdolescent development /
_c[by] Elizabeth B. Hurlock.
250 _a2nd ed.
260 _aNew York,
_bMcGraw-Hill
_c[1973]
300 _axiv, 427 p.
_billus.
_c24 cm.
490 1 _aMcGraw-Hill series in psychology
504 _aBibliography: p. [345]-413.
650 0 _aAdolescent psychology.
650 2 _aAdolescence.
650 2 _aAdolescent Psychology.
830 0 _aMcGraw-Hill series in psychology.
942 _2ddc
_cBK
_02